[Event "HUN-chT2 Erkel 0203"]
[Site "Hungary"]
[Date "2003.04.13"]
[Round "11"]
[White "Szabo, Janos2222"]
[Black "Kiss, Jozsef"]
[Result "1-0"]
[WhiteElo "2180"]
[BlackElo "2094"]
[PlyCount "75"]
[EventDate "2002.09.22"]
[EventType "team"]
[EventRounds "11"]
[EventCountry "HUN"]
[SourceTitle "EXT 2009"]
[Source "ChessBase"]
[SourceDate "2008.11.26"]
[SourceVersion "1"]
[SourceVersionDate "2008.11.26"]
[SourceQuality "1"]

1. e4 e5 2. Nf3 Nc6 3. Bb5 Nd4 4. Nxd4 exd4 5. Bc4 a6 6. 0-0 c5 7. d3 b5 8. Bd5 Ra7 9. a4 b4 10. Nd2 Ne7 11. Bb3 Ng6 12. f4 d6 13. f5 Ne5 14. Nc4 Be7 15. Nxe5 dxe5 16. Qh5 Bf6 17. Rf3 g6 18. Qh6 Qe7 19. g4 gxf5 20. g5 Rg8 21. Rg3 Bg7 22. Qxh7 Qf8 23. g6 Be6 24. gxf7+ Qxf7 25. Bxe6 Qxe6 26. exf5 Qf7 27. f6 Qf8 28. fxg7 Raxg7 29. Qh5+ Kd7 30. Qxe5 Re7 31. Qd5+ Kc7 32. Qxc5+ Kb7 33. Qd5+ Ka7 34. Qxd4+ Ka8 35. Qd5+ Ka7 36. Be3+ Rxe3 37. Qd4+ Kb8 38. Qxe3 1-0

[Event "HUN-chT2 0102"]
[Site "Hungary"]
[Date "2001.09.30"]
[Round "1"]
[White "Kiss, Jozsef"]
[Black "Gonczi, Jozsef"]
[Result "0-1"]
[WhiteElo "1800"]
[BlackElo "2145"]
[PlyCount "71"]
[EventDate "2001.??.??"]
[EventType "team"]
[EventRounds "11"]
[EventCountry "HUN"]
[SourceTitle "EXT 2004"]
[Source "ChessBase"]
[SourceDate "2003.11.25"]
[SourceVersion "1"]
[SourceVersionDate "2003.11.25"]
[SourceQuality "1"]

1. e4 c5 2. Nf3 Nc6 3. d4 cxd4 4. Nxd4 g6 5. c4 Nf6 6. Nc3 Nxd4 7. Qxd4 d6 8. Be2 Bg7 9. Be3 0-0 10. Qd2 Be6 11. 0-0 Qa5 12. f3 Rfc8 13. Nd5 Qxd2 14. Bxd2 Nxd5 15. exd5 Bd7 16. Be3 b6 17. Bc1 a6 18. a4 b5 19. axb5 axb5 20. Rxa8 Rxa8 21. cxb5 Rb8 22. Bg5 h6 23. Bc1 Bxb5 24. Re1 Kf8 25. Kf1 g5 26. f4 Bf6 27. Kf2 Bd7 28. fxg5 Bxg5 29. Kf3 Bxc1 30. Rxc1 Rxb2 31. Ke3 Rb3+ 32. Kf4 Rb4+ 33. Kg3 Rd4 34. Bf3 Bb5 35. Rc8+ Kg7 36. Kf2 0-1

[Event "Heves Fregatt op 2nd"]
[Site "Heves"]
[Date "2001.05.12"]
[Round "6.13"]
[White "Kiss, Jozsef"]
[Black "Simon, Agnes"]
[Result "0-1"]
[WhiteElo "1738"]
[BlackElo "1624"]
[PlyCount "76"]
[EventDate "2001.05.11"]
[EventType "swiss"]
[EventRounds "9"]
[EventCountry "HUN"]
[SourceTitle "EXT 2004"]
[Source "ChessBase"]
[SourceDate "2003.11.25"]
[SourceVersion "1"]
[SourceVersionDate "2003.11.25"]
[SourceQuality "1"]

1. d4 d5 2. c4 e5 3. dxe5 d4 4. Nf3 Nc6 5. a3 Nge7 6. b4 Ng6 7. Bg5 Be7 8. Bxe7 Qxe7 9. Nxd4 Qxe5 10. Nxc6 bxc6 11. Ra2 0-0 12. Nc3 Qxc3+ 13. Qd2 Qxd2+ 14. Rxd2 Ne5 15. c5 Bf5 16. e3 Rad8 17. Rd4 Rxd4 18. exd4 Nd3+ 19. Bxd3 Bxd3 20. Kd2 Bb5 21. Re1 Rd8 22. Re7 Rxd4+ 23. Ke3 Rd8 24. Rxc7 a6 25. Ra7 g6 26. a4 Bxa4 27. Rxa6 Bb5 28. Ra7 Rd3+ 29. Ke4 Rb3 30. f4 Rxb4+ 31. Ke5 Kg7 32. g4 Ra4 33. Rxa4 Bxa4 34. h4 f6+ 35. Kd6 h5 36. g5 fxg5 37. fxg5 Kf7 38. Ke5 Ke7 0-1

[Event "Heves Fregatt op 2nd"]
[Site "Heves"]
[Date "2001.05.11"]
[Round "1.8"]
[White "Kiss, Jozsef"]
[Black "Paal, Attila"]
[Result "0-1"]
[WhiteElo "1738"]
[BlackElo "2175"]
[PlyCount "76"]
[EventDate "2001.05.11"]
[EventType "swiss"]
[EventRounds "9"]
[EventCountry "HUN"]
[SourceTitle "EXT 2004"]
[Source "ChessBase"]
[SourceDate "2003.11.25"]
[SourceVersion "1"]
[SourceVersionDate "2003.11.25"]
[SourceQuality "1"]

1. d4 Nf6 2. c4 e6 3. Bg5 c5 4. Nf3 cxd4 5. Bxf6 Qa5+ 6. Nbd2 gxf6 7. Nxd4 Qe5 8. e3 f5 9. Be2 f4 10. N2f3 Bb4+ 11. Kf1 Qf6 12. exf4 Qxf4 13. Qc1 Qxc1+ 14. Rxc1 a6 15. a3 Be7 16. b4 b6 17. g3 Bb7 18. Rg1 Bf6 19. h4 Nc6 20. Nxc6 Bxc6 21. Rb1 Ke7 22. Rb3 Rac8 23. b5 axb5 24. cxb5 Bd5 25. Rb1 Rc3 26. Kg2 Rxa3 27. Rgd1 Rc8 28. Rd3 Ra2 29. Bd1 Be4 30. Rdb3 Bd4 31. Kh3 Bxb1 32. Nxd4 Rd2 33. Rxb1 Rxd4 34. Kg2 Rd2 35. Kf1 Rc5 36. Ke1 Rdd5 37. Rb2 Rxb5 38. Rxb5 Rxb5 0-1